| 000 | 00442nam a2200169Ia 4500 | ||
|---|---|---|---|
| 008 | 100503t2007 xxu||||| |||| 00| 0 sin d | ||
| 041 | _asin | ||
| 080 |
_aX8S31 _bEKA |
||
| 100 | _aEkanayaka, Kusum | ||
| 245 | _aමහ කළු සිංහලයා | ||
| 246 | _aMaha Kalu Sinhalaya | ||
| 260 |
_bGallage & Sons _aMulleriyawa _c2007 |
||
| 300 | _a96p., 21 cm | ||
| 942 | _cBK | ||
| 999 |
_c72880 _d72880 |
||
| 003 | LK-CoDNM | ||
| 040 |
_aLK-CoDNM _dLK-CoDNM _eLK-CoDNM |
||